Social work in India (Record no. 1349393)

MARC details
000 -LEADER
fixed length control field 00488nam a2200181Ia 4500
005 - DATE AND TIME OF LATEST TRANSACTION
control field 20250508154305.0
008 - FIXED-LENGTH DATA ELEMENTS--GENERAL INFORMATION
fixed length control field 008 250505s9999 xx 000 0 eng d
037 ## - SOURCE OF ACQUISITION
Stock number Textual
040 ## - CATALOGING SOURCE
Original cataloging agency FEDL
Language of cataloging eng
Transcribing agency FEDL
041 ## - LANGUAGE CODE
Language code of text/sound track or separate title eng
Source of code eng
084 ## - COLON CLASSIFICATION NUMBER
Classification number 361, KHI
Assigning agency FEDL
100 ## - MAIN ENTRY--PERSONAL NAME
Personal name Khinduka S. K. Ed.
9 (RLIN) 765249
245 #0 - TITLE STATEMENT
Title Social work in India
260 ## - PUBLICATION, DISTRIBUTION, ETC.
Place of publication, distribution, etc. Allahabad, India
Name of publisher, distributor, etc. Kitab Mahal
Date of publication, distribution, etc. 1965
300 ## - PHYSICAL DESCRIPTION
Extent xvi,335p
942 ## - ADDED ENTRY ELEMENTS (KOHA)
Koha item type Textual
Classification part 361, KHI
Holdings
Withdrawn status Lost status Damaged status Not for loan Home library Current library Date acquired Total Checkouts Full call number Barcode Date last seen Price effective from Koha item type
        Department of Education Library Department of Education Library 2025-05-08   361, KHI EL0033141 2025-05-08 2025-05-08 Textual
Copyright @ Delhi University Library System